000 00375nam a2200121Ia 4500
008 220216s9999 xx 000 0 und d
100 _aArnold A Richard
_cet al
245 0 _aSinglet oxygenation of cis and trans-1, 4-polyisoprene and cis-2,6-dimethylocta-2,6-diene
260 _bJournal of Natural Rubber Research
_c1992
300 _a261-274
650 _aDMOD
942 _cJS
999 _c68746
_d68746